Guess the Taylor Swift Album by the Emojis - Statistics

General Stats
  • This quiz has been taken 56 times
    26 since last reset
  • The average score is 11 of 12
Answer Stats
Hint Answer % Correct
πŸ™οΈπŸ’™πŸ—½πŸΎ 1989
95%
πŸ’–πŸŒˆπŸŽ€πŸŒΈ Lover
95%
πŸ’„πŸ§£πŸ‚πŸ‘  Red
95%
πŸͺ©πŸŒ³πŸŒπŸͺ folklore
91%
πŸ••πŸͺΆπŸŒ™πŸ’Ž Midnights
91%
πŸβ›“οΈπŸ–€πŸ“° reputation
91%
πŸ₯‚πŸ‚πŸ•°οΈπŸ•―️ evermore
86%
βœ¨πŸ«ΆπŸŒΌπŸ‘‘ Fearless
86%
πŸ°πŸ“–πŸ’œπŸŽ† Speak Now
86%
πŸ€ πŸ¦‹πŸŒΏπŸ’š Taylor Swift
86%
❀️‍πŸ”₯πŸ’ƒβœ¨πŸͺ­ The Life of a Showgirl
86%
πŸ€πŸ–‹οΈπŸ“πŸ—„οΈ The Tortured Poets Department
86%
No matching quizzes found
Score Distribution
Percent of People with Each Score
Percentile by Number Answered
Your Score History
You have not taken this quiz since the last reset